000 00328nam a22001337a 4500
020 _a978-81-8408-254-8
082 _a823
_bIND/T
100 _aINDIANA
245 _aTHE TALE OF THREE CALENDERS AND OTHER TALES
260 _aDELHI
_bINDIANA PUBLISHING HOUSE
_c2012
300 _a223
650 _aSHORT STORIES
_zINDIA
942 _cBK
999 _c3341
_d3341